[Event "Tata Steel IND Rapid Open"]
[Site "Kolkata IND"]
[Date "2023.09.07"]
[Round "8.4"]
[White "Vachier-Lagrave, Maxime"]
[Black "Harikrishna, Pentala"]
[Result "1-0"]
[WhiteTitle "GM"]
[BlackTitle "GM"]
[WhiteElo "2727"]
[BlackElo "2711"]
[WhiteFideId "623539"]
[BlackFideId "5007003"]
[EventDate "2023.09.05"]

1. e4 e5 2. Nf3 Nc6 3. Bb5 Nf6 4. O-O Nxe4 5. Re1 Nd6 6. Nxe5 Be7 7. Bf1 Nxe5 8.
Rxe5 O-O 9. d4 Bf6 10. Re2 Nc4 11. b3 Nb6 12. Qd3 d5 13. h3 Be6 14. Bf4 Qd7 15.
Nc3 Bf5 16. Qd2 c6 17. Rae1 Rae8 18. Nd1 Rxe2 19. Bxe2 Be6 20. Ne3 Bd8 21. Bd3
Nc8 22. c4 Ne7 23. c5 Ng6 24. Bd6 Re8 25. Nf5 Bf6 26. Ng3 h6 27. Nh5 Bh4 28. Qc2
Bf5 29. Rxe8+ Qxe8 30. Bxf5 Qe1+ 31. Kh2 Bxf2 32. Qb1 Qe2 33. Ng3 Qd2 34. Bxg6
fxg6 35. Be5 Kh7 36. Nf1 Qe2 37. b4 a6 38. a3 Be1 39. Ng3 Qe3 40. Qd1 Bf2 41.
Nh1 Be1 42. Qg4 h5 43. Qd7 Qh6 44. Qxb7 g5 45. Ng3 g4 46. Nxh5 1-0

[Event "Tata Steel IND Rapid Open"]
[Site "Kolkata IND"]
[Date "2023.09.07"]
[Round "8.5"]
[White "Erigaisi, Arjun"]
[Black "Radjabov, Teimour"]
[Result "1/2-1/2"]
[WhiteTitle "GM"]
[BlackTitle "GM"]
[WhiteElo "2712"]
[BlackElo "2745"]
[WhiteFideId "35009192"]
[BlackFideId "13400924"]
[EventDate "2023.09.05"]

1. e4 c5 2. Nf3 Nc6 3. d4 cxd4 4. Nxd4 e5 5. Nb5 d6 6. c4 Be7 7. N1c3 a6 8. Na3
f5 9. exf5 Bxf5 10. Bd3 Be6 11. Nc2 Nf6 12. Bg5 O-O 13. O-O Ng4 14. Bxe7 Qxe7
15. h3 Nf6 16. Qe2 Rae8 17. Rad1 Qf7 18. Ne4 Nxe4 19. Qxe4 g6 20. b3 Qc7 21. Qe3
Ne7 22. Qd2 Rd8 23. Ne3 Rf4 24. g3 Rff8 25. Kh2 Qc8 26. h4 Qc6 27. Qc2 Nf5 28.
Bxf5 Bxf5 29. Nxf5 Rxf5 30. Rd5 Rdf8 31. Kg2 b5 32. Qe4 bxc4 33. Qxc4 Qxc4 34.
bxc4 Rc8 35. Rxd6 Rxc4 36. Rxa6 Rc2 37. Ra8+ Kg7 38. Ra7+ Kg8 39. a4 e4 40. Re7
Re2 41. Kg1 h5 42. Rc7 Ra2 43. Rc4 Re2 44. Rc7 Ra2 45. Ra7 Rf7 46. Rxf7 1/2-1/2

[Event "Tata Steel IND Rapid Open"]
[Site "Kolkata IND"]
[Date "2023.09.07"]
[Round "9.1"]
[White "Praggnanandhaa, R"]
[Black "Erigaisi, Arjun"]
[Result "1-0"]
[WhiteTitle "GM"]
[BlackTitle "GM"]
[WhiteElo "2727"]
[BlackElo "2712"]
[WhiteFideId "25059530"]
[BlackFideId "35009192"]
[EventDate "2023.09.05"]

1. e4 c5 2. Nf3 e6 3. Be2 Nc6 4. O-O Nf6 5. Nc3 a6 6. d4 cxd4 7. Nxd4 Qc7 8. Be3
Be7 9. f4 d6 10. a4 O-O 11. Kh1 Bd7 12. Nb3 Na5 13. e5 Ne8 14. Nxa5 Qxa5 15. Ne4
Qc7 16. a5 Bc6 17. Bb6 Qd7 18. Bf3 Rc8 19. Rf2 Bd5 20. b3 dxe5 21. c4 f5 22.
cxd5 fxe4 23. Bg4 Nc7 24. Bxc7 Qxc7 25. Bxe6+ Kh8 26. Bxc8 Rxc8 27. Rf1 Rd8 28.
Rc1 Qd6 29. Qe2 Qxd5 30. Rfd1 Qxa5 31. Rxd8+ Qxd8 32. Qxe4 Ba3 33. Re1 Qg8 34.
Qa4 Bb2 35. fxe5 Bc3 36. Re3 Qf8 37. Qc4 b5 38. Rf3 Qd8 39. Qd3 1-0

[Event "Tata Steel IND Rapid Open"]
[Site "Kolkata IND"]
[Date "2023.09.07"]
[Round "9.2"]
[White "Keymer, Vincent"]
[Black "Gukesh, D"]
[Result "1-0"]
[WhiteTitle "GM"]
[BlackTitle "GM"]
[WhiteElo "2717"]
[BlackElo "2758"]
[WhiteFideId "12940690"]
[BlackFideId "46616543"]
[EventDate "2023.09.05"]

1. c4 c6 2. Nf3 d5 3. e3 Nf6 4. Nc3 e6 5. b3 Bd6 6. Bb2 Nbd7 7. Qc2 b6 8. cxd5
exd5 9. Nxd5 cxd5 10. Qc6 Qc7 11. Qxa8 O-O 12. Rc1 Bc5 13. b4 Bb7 14. Qxa7 Ra8
15. Qxa8+ Bxa8 16. bxc5 bxc5 17. Be2 h6 18. O-O d4 19. h3 Qb8 20. Ba1 Nd5 21.
Rfe1 dxe3 22. dxe3 Qa7 23. Red1 Qxa2 24. Bc4 Qa3 25. Be5 N5b6 26. Ra1 Qb4 27.
Rxa8+ Nxa8 28. Rxd7 Qxc4 29. Rd8+ Kh7 30. Rxa8 Qc1+ 31. Kh2 Qc2 32. Ra7 Kg8 33.
Bg3 c4 34. Rc7 c3 35. Be5 Qxf2 36. Rxc3 Qa2 37. Bg3 Qd5 38. Rc8+ Kh7 39. Rc7 Qe6
40. e4 Kg8 41. e5 Qd5 42. Rc2 Qe4 43. Rd2 Kh7 44. Rd4 Qf5 45. Nd2 g5 46. Nf3 Kg7
47. Rd6 Qe4 48. Rf6 Qd5 49. Rb6 Qe4 50. Rd6 Qe3 51. h4 gxh4 52. Nxh4 Qg5 53. Rf6
Qh5 54. Kh3 Kg8 55. Bf4 Qd1 56. Rxh6 Qh1+ 57. Kg3 Qe1+ 58. Kh2 Qe4 59. Rf6 Qh7
60. Bh6 Qe4 61. Nf3 Qg4 62. Bg5 Qe4 63. Rh6 Kg7 64. Rh3 Kg6 65. Rh4 Qd5 66. Rh6+
Kf5 67. Kg3 Qb3 68. Rf6+ Ke4 69. Rf4+ Kd3 70. Rd4+ Kc2 71. Rd2+ Kc3 72. Bf6 Qe6
73. Ng5 Qb3 74. Rf2 Kc4+ 75. Rf3 Qb7 76. Bd8 f5 77. exf6 Qb8+ 78. Rf4+ Kd3 79.
f7 1-0

[Event "Tata Steel IND Rapid Open"]
[Site "Kolkata IND"]
[Date "2023.09.07"]
[Round "9.4"]
[White "Abdusattorov, Nodirbek"]
[Black "Vidit, Santosh Gujrathi"]
[Result "0-1"]
[WhiteTitle "GM"]
[BlackTitle "GM"]
[WhiteElo "2716"]
[BlackElo "2716"]
[WhiteFideId "14204118"]
[BlackFideId "5029465"]
[EventDate "2023.09.05"]

1. d4 d5 2. c4 c6 3. Nf3 Nf6 4. Nc3 e6 5. g3 dxc4 6. Bg2 Nbd7 7. O-O Be7 8. e4
O-O 9. a4 a5 10. Qc2 b6 11. Rd1 Bb7 12. Nd2 Ba6 13. d5 Qc7 14. Nf1 Bc5 15. Bf4
e5 16. Be3 Rad8 17. Bh3 cxd5 18. exd5 Bxe3 19. Nxe3 Nc5 20. Nb5 Bxb5 21. axb5
Nb3 22. Ra4 Nd4 23. Rxc4 Qb8 24. Rcxd4 exd4 25. Rxd4 Rfe8 26. Qd3 Qd6 27. Nf5
Qc5 28. d6 Re1+ 29. Kg2 g6 30. Ne3 Qc1 31. d7 Rg1+ 32. Kf3 Qxb2 33. Rd6 a4 34.
Nc4 Qa1 35. Qe3 Nxd7 36. Bxd7 Rd1 37. Qe7 Rf8 38. Bc6 a3 39. Bd5 Qc3+ 40. Ne3
Rxd5 41. Rxd5 a2 42. Rd1 a1=Q 43. Rxa1 Qxa1 44. Qd6 Qa8+ 45. Ke2 Qd8 46. Qc6 Re8
47. h4 Re6 48. Qc4 Re5 49. Kf1 h5 50. Kg1 Qd7 51. Qc3 Rc5 52. Qf6 Rxb5 53. Kh2
Qe6 54. Qd4 Rc5 55. Kg1 Kh7 56. Kh2 Re5 57. Ng2 Re4 58. Qb2 Qc6 59. Nf4 Re1 0-1

[Event "Tata Steel IND Rapid Open"]
[Site "Kolkata IND"]
[Date "2023.09.07"]
[Round "9.5"]
[White "Harikrishna, Pentala"]
[Black "Grischuk, Alexander"]
[Result "1/2-1/2"]
[WhiteTitle "GM"]
[BlackTitle "GM"]
[WhiteElo "2711"]
[BlackElo "2732"]
[WhiteFideId "5007003"]
[BlackFideId "4126025"]
[EventDate "2023.09.05"]

1. d4 Nf6 2. Nf3 d5 3. c4 e6 4. Nc3 c6 5. cxd5 exd5 6. Qc2 g6 7. Bg5 Be7 8. e3
Bf5 9. Bd3 Bxd3 10. Qxd3 Nbd7 11. Bh6 Ng4 12. Bf4 Ngf6 13. h3 a5 14. Bh6 Bf8 15.
Bf4 Be7 16. Bh6 Bf8 17. Bf4 1/2-1/2